Monopoly, Tying, and Reciprocity <An> Application to International Trade
Guardado en:
| Autor principal: | |
|---|---|
| Formato: | Libro |
| Lenguaje: | inglés |
| Publicado: |
Wien
Institut für Höhere Studien
1991
|
| Edición: | 1. ed. |
| Colección: | Research Memorandum
No. 288 |
| Materias: | |
| Etiquetas: |
Sin Etiquetas, Sea el primero en etiquetar este registro!
|
MARC
| LEADER | 00000nam a2200000 4500 | ||
|---|---|---|---|
| 001 | c005600 | ||
| 005 | 20221214094241.9 | ||
| 041 | 0 | |a eng | |
| 044 | |a AT | ||
| 245 | 1 | 0 | |a Monopoly, Tying, and Reciprocity |b <An> Application to International Trade |c Dalia Marin |
| 250 | |a 1. ed. | ||
| 264 | 1 | |a Wien |b Institut für Höhere Studien |c 1991 | |
| 300 | |a 42 s. | ||
| 490 | 1 | |a Research Memorandum |v No. 288 | |
| 830 | 0 | |a Research Memorandum |v No. 288 | |
| 610 | 2 | 0 | |a monopoly |
| 610 | 2 | 0 | |a obchod medzinárodný |
| 610 | 2 | 0 | |a modelovanie |
| 100 | 1 | |a Marin, Dalia | |